[Event "Oberliga Baden 2223"]
[Site "Germany"]
[Date "2023.02.05"]
[Round "6.3"]
[White "Ruefenacht, Matthias"]
[Black "Kaczmarczyk, Dennis"]
[Result "0-1"]
[WhiteElo "2360"]
[BlackElo "2468"]
[PlyCount "170"]
[EventDate "2022.09.18"]
[EventType "team-tourn"]
[EventRounds "9"]
[EventCountry "GER"]
[SourceTitle "EXT 2024"]
[Source "ChessBase"]
[SourceDate "2023.10.10"]
[SourceVersion "1"]
[SourceVersionDate "2023.10.10"]
[SourceQuality "1"]
[WhiteTeam "Brombach"]
[BlackTeam "Baden-Baden III"]
[WhiteTeamCountry "GER"]
[BlackTeamCountry "GER"]

1. e4 e6 2. d4 d5 3. Nc3 Nf6 4. Bg5 dxe4 5. Nxe4 Be7 6. Nxf6+ Bxf6 7. Bxf6 Qxf6 8. Nf3 c5 9. c3 cxd4 10. Qxd4 Qxd4 11. Nxd4 Bd7 12. Nb5 Bxb5 13. Bxb5+ Ke7 14. Ke2 a6 15. Ba4 Rc8 16. Rhd1 Rc4 17. Bb3 Rc5 18. Rd2 Nd7 19. Rad1 Nf6 20. Rd6 Rac8 21. R1d4 Re5+ 22. Kf1 Rb5 23. f3 g5 24. Rd2 h5 25. R6d4 Re5 26. Re2 Rec5 27. Red2 a5 28. a3 R8c7 29. Kf2 Rd7 30. Ba2 g4 31. Rxd7+ Nxd7 32. Rd4 gxf3 33. gxf3 Ne5 34. h3 b5 35. f4 Nc6 36. Rd2 b4 37. axb4 axb4 38. Rd3 Rb5 39. Bc4 Rb6 40. Rd2 bxc3 41. bxc3 Kf6 42. Be2 h4 43. Rc2 Rb3 44. Bf3 Ne7 45. Ke3 Ra3 46. Be4 Nf5+ 47. Kd3 Nd6 48. Kd4 Nb5+ 49. Kc4 Nc7 50. Kc5 Ke7 51. Bc6 Rb3 52. Ba4 Rb1 53. Bc6 Na6+ 54. Kd4 Kd6 55. Bg2 Nc5 56. Ra2 Rd1+ 57. Kc4 Nd7 58. Ra6+ Ke7 59. Ra7 Kf6 60. Bc6 Nb6+ 61. Kc5 Nd5 62. Bxd5 Rxd5+ 63. Kb6 Rd3 64. c4 Rxh3 65. c5 Rb3+ 66. Kc6 h3 67. Kd7 h2 68. Ra1 Rd3+ 69. Ke8 Rc3 70. Rh1 Rxc5 71. Rxh2 Rc8+ 72. Kd7 Rc4 73. Rh6+ Kg7 74. Rh4 e5 75. Rg4+ Kf8 76. Kd6 Rxf4 77. Rg1 f6 78. Ke6 e4 79. Rg6 e3 80. Rg1 Rf3 81. Kd5 f5 82. Kd4 f4 83. Ke4 Rf2 84. Kd3 e2 85. Kd2 Rf1 0-1

[Event "Oberliga Baden 2223"]
[Site "Germany"]
[Date "2022.10.23"]
[Round "3.6"]
[White "Ruefenacht, Matthias"]
[Black "Hierholz, Bernd"]
[Result "1-0"]
[WhiteElo "2360"]
[BlackElo "2122"]
[PlyCount "91"]
[EventDate "2022.09.18"]
[EventType "team-tourn"]
[EventRounds "9"]
[EventCountry "GER"]
[SourceTitle "EXT 2024"]
[Source "ChessBase"]
[SourceDate "2023.10.10"]
[SourceVersion "1"]
[SourceVersionDate "2023.10.10"]
[SourceQuality "1"]
[WhiteTeam "Brombach"]
[BlackTeam "Hockenheim"]
[WhiteTeamCountry "GER"]
[BlackTeamCountry "GER"]

1. e4 c6 2. d4 d5 3. Nc3 dxe4 4. Nxe4 Nf6 5. Nxf6+ gxf6 6. Nf3 Bf5 7. g3 Qd5 8. c4 Qe4+ 9. Be2 e6 10. 0-0 Rg8 11. Re1 Na6 12. a3 Qc2 13. Qxc2 Bxc2 14. d5 c5 15. Nh4 0-0-0 16. Bh5 Bg6 17. Bxg6 hxg6 18. dxe6 Re8 19. Bd2 Rxe6 20. Bc3 Be7 21. Ng2 Nc7 22. Nf4 Rxe1+ 23. Rxe1 Re8 24. Kf1 Kd7 25. h4 f5 26. Nd3 Bd6 27. Ne5+ Bxe5 28. Bxe5 Ne6 29. Bf6 Kc6 30. f3 Nc7 31. g4 fxg4 32. fxg4 Rg8 33. Re7 Re8 34. h5 gxh5 35. gxh5 Rg8 36. h6 Rg6 37. Rxc7+ Kxc7 38. Be5+ Kc6 39. h7 Rh6 40. h8Q Rxh8 41. Bxh8 b5 42. b3 a6 43. Ke2 f5 44. Ke3 Kb6 45. Bc3 a5 46. a4 1-0

[Event "Oberliga Baden 2122"]
[Site "Germany"]
[Date "2022.05.14"]
[Round "5.5"]
[White "Ruefenacht, Matthias"]
[Black "Stocko, Josip"]
[Result "1/2-1/2"]
[WhiteElo "2277"]
[BlackElo "2259"]
[PlyCount "31"]
[EventDate "2021.10.10"]
[EventType "team-tourn"]
[EventRounds "11"]
[EventCountry "GER"]
[SourceTitle "EXT 2023"]
[Source "ChessBase"]
[SourceDate "2022.10.05"]
[SourceVersion "1"]
[SourceVersionDate "2022.10.05"]
[SourceQuality "1"]
[WhiteTeam "Brombach"]
[BlackTeam "Emmendingen"]
[WhiteTeamCountry "GER"]
[BlackTeamCountry "GER"]

1. e4 c5 2. Nf3 d6 3. Bb5+ Nd7 4. d4 cxd4 5. Qxd4 a6 6. Bc4 e6 7. a4 Ngf6 8. Nc3 Qc7 9. 0-0 Be7 10. a5 0-0 11. Bg5 h6 12. Bh4 Ne5 13. Be2 Nc6 14. Qc4 Bd7 15. h3 Rac8 16. Rfd1 1/2-1/2

[Event "Oberliga Baden 2122"]
[Site "Germany"]
[Date "2021.10.24"]
[Round "2.3"]
[White "Ruefenacht, Matthias"]
[Black "Schuh, Hubert"]
[Result "1/2-1/2"]
[WhiteElo "2289"]
[BlackElo "2289"]
[PlyCount "109"]
[EventDate "2021.10.10"]
[EventType "team-tourn"]
[EventRounds "11"]
[EventCountry "GER"]
[SourceTitle "EXT 2023"]
[Source "ChessBase"]
[SourceDate "2022.10.05"]
[SourceVersion "1"]
[SourceVersionDate "2022.10.05"]
[SourceQuality "1"]
[WhiteTeam "Brombach"]
[BlackTeam "Kuppenheim"]
[WhiteTeamCountry "GER"]
[BlackTeamCountry "GER"]

1. e4 c5 2. Nf3 d6 3. c3 Nf6 4. Bd3 Nc6 5. Bc2 Bg4 6. d3 g6 7. Nbd2 Bg7 8. h3 Bxf3 9. Nxf3 0-0 10. 0-0 Nd7 11. Be3 b5 12. Qd2 b4 13. Ba4 bxc3 14. bxc3 Rc8 15. Bh6 Qa5 16. Bxg7 Kxg7 17. Bb3 Nb6 18. Rab1 c4 19. Bxc4 Nxc4 20. dxc4 Qc5 21. Qe2 Ne5 22. Nxe5 Qxe5 23. Qd3 Rc7 24. Rb5 Qf6 25. f4 Rfc8 26. e5 dxe5 27. fxe5 Qe6 28. Qd5 Rxc4 29. Qxe6 fxe6 30. Rb7 R8c7 31. Rxc7 Rxc7 32. Rc1 Rc5 33. c4 Kf7 34. Kf2 Ke8 35. Kf3 Rxe5 36. c5 Kd7 37. Rc3 a5 38. c6+ Kc7 39. h4 h6 40. g3 g5 41. hxg5 Rxg5 42. Kf4 Rf5+ 43. Kg4 Rb5 44. a4 Rg5+ 45. Kh4 Rd5 46. g4 Rg5 47. Rc4 e5 48. Kh3 h5 49. gxh5 Rxh5+ 50. Kg4 Rh6 51. Rc5 Rxc6 52. Rxa5 Rc4+ 53. Kf5 Kb6 54. Rxe5 Rxa4 55. Rxe7 1/2-1/2

[Event "Oberliga Baden 1819"]
[Site "Baden"]
[Date "2019.01.20"]
[Round "5.6"]
[White "Ruefenacht, Matthias"]
[Black "Guenthner, Oliver"]
[Result "1-0"]
[WhiteElo "2302"]
[BlackElo "2193"]
[PlyCount "89"]
[EventDate "2018.10.21"]
[EventType "team-tourn"]
[EventRounds "9"]
[EventCountry "GER"]
[SourceTitle "EXT 2020"]
[Source "ChessBase"]
[SourceDate "2019.10.17"]
[SourceVersion "1"]
[SourceVersionDate "2019.10.17"]
[SourceQuality "1"]
[WhiteTeam "Brombach"]
[BlackTeam "Hockenheim II"]
[WhiteTeamCountry "GER"]
[BlackTeamCountry "GER"]

1. d4 d5 2. c4 Bf5 3. cxd5 Bxb1 4. Qa4+ c6 5. Rxb1 Qxd5 6. Nf3 Nd7 7. b4 Ngf6 8. e3 e6 9. Qc2 Be7 10. Bd3 0-0 11. e4 Qh5 12. Bf4 Qg4 13. Bg3 Nh5 14. e5 Nf4 15. Bxh7+ Kh8 16. Bxf4 Qxf4 17. Be4 a6 18. Qe2 Nb6 19. Qe3 Qxe3+ 20. fxe3 Nc4 21. Ke2 a5 22. b5 Na3 23. bxc6 Nxb1 24. cxb7 Nc3+ 25. Kd3 Nxe4 26. bxa8Q Nf2+ 27. Ke2 Rxa8 28. Kxf2 Rb8 29. Rd1 f6 30. exf6 gxf6 31. e4 Kg8 32. g4 Bd6 33. Ke3 Kf7 34. e5 fxe5 35. Nxe5+ Bxe5 36. dxe5 Rb5 37. Kf4 Kg6 38. Rd6 Rb4+ 39. Kg3 Kf7 40. Rd7+ Ke8 41. Ra7 Ra4 42. h4 Rxa2 43. h5 Kf8 44. Kf4 a4 45. Kg5 1-0

[Event "Oberliga Baden 1819"]
[Site "Baden"]
[Date "2018.10.21"]
[Round "1.5"]
[White "Kountz, Jochen"]
[Black "Ruefenacht, Matthias"]
[Result "1/2-1/2"]
[WhiteElo "2335"]
[BlackElo "2302"]
[PlyCount "60"]
[EventDate "2018.10.21"]
[EventType "team-tourn"]
[EventRounds "9"]
[EventCountry "GER"]
[SourceTitle "EXT 2020"]
[Source "ChessBase"]
[SourceDate "2019.10.17"]
[SourceVersion "1"]
[SourceVersionDate "2019.10.17"]
[SourceQuality "1"]
[WhiteTeam "Untergrombach"]
[BlackTeam "Brombach"]
[WhiteTeamCountry "GER"]
[BlackTeamCountry "GER"]

1. e4 c6 2. d4 d5 3. e5 c5 4. dxc5 e6 5. c3 Nc6 6. Nf3 Bxc5 7. Bd3 f6 8. Qe2 fxe5 9. Nxe5 Nxe5 10. Qxe5 Nf6 11. Bb5+ Kf7 12. 0-0 Rf8 13. Bg5 Kg8 14. b4 Bd6 15. Qe2 Qc7 16. h3 Ne4 17. Be3 Bh2+ 18. Kh1 Bf4 19. Bd3 Bxe3 20. Qxe3 Qf4 21. Qxf4 Rxf4 22. Bxe4 Rxe4 23. Nd2 Re2 24. Nb3 b6 25. Kg1 Bd7 26. Rfe1 Rb2 27. Reb1 Rc2 28. Rc1 Rb2 29. Rcb1 Rc2 30. Rc1 Rb2 1/2-1/2

[Event "Oberliga Baden 1718"]
[Site "Baden"]
[Date "2018.02.04"]
[Round "6.6"]
[White "Xheladini, Mahmut"]
[Black "Ruefenacht, Matthias"]
[Result "1/2-1/2"]
[WhiteElo "2201"]
[BlackElo "2360"]
[PlyCount "65"]
[EventDate "2017.10.08"]
[EventType "team-tourn"]
[EventRounds "9"]
[EventCountry "GER"]
[SourceTitle "EXT 2019"]
[Source "ChessBase"]
[SourceDate "2018.10.10"]
[SourceVersion "1"]
[SourceVersionDate "2018.10.10"]
[SourceQuality "1"]
[WhiteTeam "Dreilaendereck"]
[BlackTeam "Brombach"]
[WhiteTeamCountry "GER"]
[BlackTeamCountry "GER"]

1. e4 c5 2. Nf3 Nc6 3. Nc3 g6 4. Bc4 Bg7 5. 0-0 e6 6. Re1 d6 7. a4 Nge7 8. d3 0-0 9. Bd2 a6 10. Qc1 Bd7 11. Ba2 Rb8 12. Ne2 b5 13. axb5 axb5 14. Ng3 Ra8 15. c3 Qb6 16. Bh6 f6 17. Be3 b4 18. Nd2 Kh8 19. Nc4 Qb8 20. Nd2 Ne5 21. Qc2 Ng4 22. Ngf1 Nxe3 23. Nxe3 bxc3 24. bxc3 Qc7 25. Bb3 f5 26. Ra2 Rxa2 27. Bxa2 Rb8 28. Rc1 Nc6 29. Bb3 Bh6 30. Qa2 Nd8 31. Ra1 Bg7 32. Nd1 Qc8 33. Qa6 1/2-1/2

[Event "Oberliga Baden 1617"]
[Site "Baden"]
[Date "2017.03.19"]
[Round "7.3"]
[White "Ruefenacht, Matthias"]
[Black "Eppinger, Georg"]
[Result "1/2-1/2"]
[WhiteElo "2329"]
[BlackElo "2232"]
[PlyCount "92"]
[EventDate "2016.10.16"]
[EventType "team-tourn"]
[EventRounds "9"]
[EventCountry "GER"]
[SourceTitle "EXT 2018"]
[Source "ChessBase"]
[SourceDate "2017.10.13"]
[SourceVersion "1"]
[SourceVersionDate "2017.10.13"]
[SourceQuality "1"]
[WhiteTeam "Brombach"]
[BlackTeam "Dreisamtal"]
[WhiteTeamCountry "GER"]
[BlackTeamCountry "GER"]

1. e4 c5 2. Nf3 Nc6 3. d4 cxd4 4. Nxd4 Nf6 5. Nc3 d6 6. Be2 g6 7. 0-0 Bg7 8. Be3 0-0 9. Nb3 Be6 10. f4 Qc8 11. Kh1 Rd8 12. Nd4 Nxd4 13. Bxd4 Bc4 14. Bd3 d5 15. e5 Ne4 16. Qe2 Nxc3 17. Bxc3 Bxd3 18. cxd3 d4 19. Bb4 Qe6 20. Qe4 Rd7 21. Rfc1 f5 22. Qf3 Qb6 23. Rc4 e6 24. Rac1 Bf8 25. a3 Bg7 26. Qf2 g5 27. Bd6 gxf4 28. Qxd4 Qxd4 29. Rxd4 Bf8 30. Rc7 Rad8 31. Rxd7 Rxd7 32. Kg1 Kf7 33. Rxf4 Bxd6 34. exd6 Rxd6 35. Rb4 b6 36. Rb3 Kf6 37. Kf2 Rd4 38. Rc3 h5 39. Ke3 Rg4 40. Kf3 Rg7 41. Rc8 Rd7 42. Ke3 Rg7 43. Kf3 Rd7 44. Ke3 Rg7 45. Kf3 Rd7 46. Ke3 Rg7 1/2-1/2

[Event "Oberliga Baden 1617"]
[Site "Baden"]
[Date "2017.01.15"]
[Round "4.5"]
[White "Ruefenacht, Matthias"]
[Black "Kettner, Juergen"]
[Result "0-1"]
[WhiteElo "2329"]
[BlackElo "2226"]
[PlyCount "150"]
[EventDate "2016.10.16"]
[EventType "team-tourn"]
[EventRounds "9"]
[EventCountry "GER"]
[SourceTitle "EXT 2018"]
[Source "ChessBase"]
[SourceDate "2017.10.13"]
[SourceVersion "1"]
[SourceVersionDate "2017.10.13"]
[SourceQuality "1"]
[WhiteTeam "Brombach"]
[BlackTeam "Ladenburg"]
[WhiteTeamCountry "GER"]
[BlackTeamCountry "GER"]

1. e4 c5 2. Nf3 Nc6 3. Bb5 g6 4. 0-0 Bg7 5. c3 Nf6 6. Re1 0-0 7. d4 d5 8. exd5 Qxd5 9. c4 Qd6 10. d5 Nd4 11. Nxd4 cxd4 12. Qf3 a6 13. Ba4 Qb4 14. Qd1 Qxc4 15. Bb3 Qc5 16. Bg5 Nxd5 17. Bxd5 Qxd5 18. Bxe7 Re8 19. Nd2 Be6 20. Ba3 Bd7 21. Qf3 Bc6 22. Qxd5 Bxd5 23. b3 d3 24. Rac1 Re2 25. Red1 Rae8 26. h3 b6 27. Nf1 Bd4 28. Rxd3 Bxf2+ 29. Kh2 Be4 30. Rd2 Bf5 31. Rcd1 Rxd2 32. Rxd2 Bh4 33. Ng3 Be6 34. Bb2 Rd8 35. Rc2 Bd5 36. Be5 Re8 37. Bf4 Bf6 38. Rd2 Bc6 39. Kg1 h5 40. Kf2 Kg7 41. Ne2 h4 42. Nd4 Be4 43. Nf3 Rd8 44. Re2 Bd3 45. Rd2 Bb1 46. Re2 Rd5 47. Be5 g5 48. Bxf6+ Kxf6 49. Rb2 Bf5 50. Rd2 Be6 51. Nd4 a5 52. Ke3 Ke7 53. a3 f6 54. b4 Re5+ 55. Kf2 Bd7 56. bxa5 bxa5 57. Rc2 Kd6 58. Rc3 Rc5 59. Rd3 Kc7 60. Re3 Rc1 61. Rf3 Rc4 62. Nb3 Rc2+ 63. Kf1 a4 64. Nd4 Rd2 65. Rc3+ Kb6 66. Nf3 Rb2 67. Nd4 Rd2 68. Nf3 Bb5+ 69. Kg1 Rd3 70. Rc8 Bc6 71. Ne1 Rxa3 72. Rf8 Rc3 73. Rxf6 a3 74. Rf2 Be4 75. Re2 Bd5 0-1

[Event "Oberliga Baden 1617"]
[Site "Baden"]
[Date "2016.10.16"]
[Round "1.3"]
[White "Eschbach, Dennis"]
[Black "Ruefenacht, Matthias"]
[Result "1-0"]
[WhiteElo "2412"]
[BlackElo "2329"]
[PlyCount "123"]
[EventDate "2016.10.16"]
[EventType "team-tourn"]
[EventRounds "9"]
[EventCountry "GER"]
[SourceTitle "EXT 2018"]
[Source "ChessBase"]
[SourceDate "2017.10.13"]
[SourceVersion "1"]
[SourceVersionDate "2017.10.13"]
[SourceQuality "1"]
[WhiteTeam "Waldshut Tiengen"]
[BlackTeam "Brombach"]
[WhiteTeamCountry "GER"]
[BlackTeamCountry "GER"]

1. e4 c6 2. Nf3 d5 3. Nc3 Bg4 4. h3 Bxf3 5. Qxf3 Nf6 6. g3 e6 7. a3 Nxe4 8. Nxe4 dxe4 9. Qxe4 Qd5 10. Bg2 Nd7 11. 0-0 Qxe4 12. Bxe4 Nf6 13. Bf3 Bd6 14. d3 0-0 15. Re1 h6 16. Bd2 a5 17. b4 axb4 18. axb4 Nd5 19. c3 Rfb8 20. Kf1 Kf8 21. Reb1 Rxa1 22. Rxa1 Ke8 23. Ke2 Kd7 24. Kd1 Nc7 25. Kc2 Ra8 26. Ra5 Ra6 27. Kb3 Rxa5 28. bxa5 Nb5 29. d4 Bc7 30. Kb4 Bd6+ 31. Ka4 Be7 32. Be2 Nd6 33. Bd3 h5 34. g4 hxg4 35. hxg4 f5 36. f3 g6 37. c4 Bf6 38. Be3 Bd8 39. Bf4 Bf6 40. Be3 Be7 41. a6 bxa6 42. Ka5 Nf7 43. Kxa6 Bg5 44. Bf2 Bf4 45. Bc2 Nd6 46. Bd3 fxg4 47. fxg4 g5 48. Be1 Be3 49. Bc3 Kc7 50. Ba5+ Kd7 51. c5 Nc8 52. d5 Ne7 53. dxe6+ Kxe6 54. Bc4+ Ke5 55. Kb6 Kf4 56. Be2 Ng6 57. Kxc6 Ne5+ 58. Kd5 Bxc5 59. Bd2+ Be3 60. Bxe3+ Kxe3 61. Kxe5 Kxe2 62. Kf5 1-0

[Event "BL2-Sued 1516"]
[Site "Germany"]
[Date "2015.09.20"]
[Round "1.6"]
[White "Ruefenacht, Matthias"]
[Black "Jacob, Volker"]
[Result "1-0"]
[WhiteElo "2322"]
[BlackElo "2247"]
[PlyCount "81"]
[EventDate "2015.09.20"]
[EventType "team-tourn"]
[EventRounds "9"]
[EventCountry "GER"]
[SourceTitle "EXT 2017"]
[Source "ChessBase"]
[SourceDate "2016.10.25"]
[SourceVersion "1"]
[SourceVersionDate "2016.10.25"]
[SourceQuality "1"]
[WhiteTeam "Brombach"]
[BlackTeam "Viernheim"]
[WhiteTeamCountry "GER"]
[BlackTeamCountry "GER"]

1. d4 Nf6 2. c4 c5 3. Nf3 g6 4. Nc3 Bg7 5. e4 0-0 6. Be2 d6 7. 0-0 Bg4 8. Be3 Nfd7 9. d5 Na6 10. Qd2 Nc7 11. Bh6 a6 12. a4 Rb8 13. Bxg7 Kxg7 14. Ne1 Bxe2 15. Qxe2 e6 16. dxe6 Nxe6 17. f4 Nd4 18. Qd3 Nf6 19. Nf3 Nxf3+ 20. Rxf3 Qe7 21. Re1 Rbe8 22. Qd2 Qe6 23. b3 Qe7 24. Rh3 h5 25. Rd3 Rd8 26. Qb2 Kh7 27. Rf3 Rde8 28. h3 Qc7 29. Qf2 Qe7 30. e5 dxe5 31. Rxe5 Qd8 32. Rxc5 Ne4 33. Nxe4 Rxe4 34. Rd5 Qe7 35. f5 Qh4 36. fxg6+ Kxg6 37. Rd6+ f6 38. Rg3+ Kh6 39. Rd7 Rf4 40. Rdg7 Rg4 41. hxg4 1-0

[Event "GER GM04-B email"]
[Site "GER email"]
[Date "2015.06.25"]
[Round "?"]
[White "Ruefenacht, Matthias"]
[Black "Williamson, Harvey D"]
[Result "1/2-1/2"]
[WhiteElo "2488"]
[BlackElo "2524"]
[PlyCount "62"]
[EventDate "2015.??.??"]
[EventType "tourn (corr)"]
[EventRounds "10"]
[EventCountry "GER"]
[SourceTitle "Corr 2017"]
[Source "ChessBase"]
[SourceDate "2017.09.19"]
[SourceVersion "1"]
[SourceVersionDate "2017.09.19"]
[SourceQuality "1"]

1. e4 c5 2. Nf3 Nc6 3. d4 cxd4 4. Nxd4 e5 5. Nb5 d6 6. N1c3 a6 7. Na3 Be7 8. Be3 Nf6 9. Nc4 b5 10. Nb6 Rb8 11. Nxc8 Qxc8 12. Bd3 Nb4 13. a3 Nxd3+ 14. Qxd3 0-0 15. 0-0 h6 16. f3 Rd8 17. Rfd1 a5 18. Rd2 b4 19. axb4 axb4 20. Nd5 Nxd5 21. Qxd5 Rd7 22. Qb3 Rc7 23. Ra4 Kh7 24. h3 Bh4 25. Qd3 Bg3 26. Bf2 Bxf2+ 27. Rxf2 Rc4 28. Qxd6 Rxc2 29. Rxc2 Qxc2 30. Qxb8 Qc1+ 31. Kh2 Qf4+ 1/2-1/2

[Event "GER GM04-B email"]
[Site "GER email"]
[Date "2015.06.25"]
[Round "?"]
[White "Schramm, Alexander"]
[Black "Ruefenacht, Matthias"]
[Result "1/2-1/2"]
[WhiteElo "2523"]
[BlackElo "2488"]
[PlyCount "51"]
[EventDate "2015.??.??"]
[EventType "tourn (corr)"]
[EventRounds "10"]
[EventCountry "GER"]
[SourceTitle "Corr 2017"]
[Source "ChessBase"]
[SourceDate "2017.09.19"]
[SourceVersion "1"]
[SourceVersionDate "2017.09.19"]
[SourceQuality "1"]

1. e4 c6 2. d4 d5 3. Nc3 dxe4 4. Nxe4 Bf5 5. Ng3 Bg6 6. h4 h6 7. Nf3 Nd7 8. h5 Bh7 9. Bd3 Bxd3 10. Qxd3 e6 11. Bd2 Ngf6 12. 0-0-0 Be7 13. Kb1 Qb6 14. c4 0-0 15. Bf4 Rad8 16. Qc2 Rfe8 17. Ne5 c5 18. Nxf7 Kxf7 19. Qg6+ Kg8 20. Bxh6 Bf8 21. Rhe1 Nh7 22. d5 Ndf6 23. Bf4 exd5 24. Nf5 Rxe1 25. Nh6+ Kh8 26. Nf7+ 1/2-1/2